01583nam a2200361 a 4500001001000000003000500010005001700015008004100032010001100073011001100084040000900095090001000104100003400114245014700148260004100295500006000336502013400396590004100530590004000571590004000611650002800651650002800679650004200707650004200749650004200791856007000833901000700903942001000910942000600920999001900926952014000945952013601085000111258CHAP20220329144204.0150123s2014 mx sm |||||||spa d a107720 a108692 cCHAP aTesis1 aCruz García, Blanca912910010aNitrogeno del suelo en un sistema convencional y uno orgánico con los cultivos de maíz y fríjolh[En línea]cpor Blanca Cruz García. aChapingo, Méx. :bEl autor,c2014. aPara ver el contenido del material haga clic en la liga aTesis (Ing. Agr. Esp. en Recursos Naturales Renovables) -- UACH. Departamento de Enseñanza Investigación y Servicio en Suelos aE11695DGDb10c20150126lUCH01h1256 aE5765TAJb05c20150123lUCH01h0928 aE5765TAJb05c20150123lUCH01h092914aFrijolxCultivo.94335814aMaízxCultivo.97092514aNitrógenoxEfecto en frijol.98143614aNitrógenoxEfecto en maíz.98144714aNitrógenoxEfecto en suelos.981463 aFinding aiduhttp://10.13.5.2/tesis/sist111258.pdfzTeclea aquí aBK cTESIS n0 c107720d107720 00102local4053708TESISaBCbBCcPA_TESISd2015-01-23fTESISl0oTesisp33724002443223r2019-12-31 00:00:00tc.2w2019-12-31yTESIS 00104054718TESISaBCbBCd2015-01-23fTESISl0oTesisp33724002443264r2019-12-31 00:00:00w2019-12-31yTESISzRecien adquirido